000
00340nam a2200145Ia 4500
008
230718s9999 xx 000 0 und d
041
_a
Eng.
082
_a
294.84
_b
FAH-D
100
_a
Fahion, Sh. Muhammad
245
0
_a
Digest Hadood Laws
260
_a
Pakistan
_b
Kashmir Law Times
_c
2002
300
_a
726
650
_a
Law
999
_c
28339
_d
28339